01718cam a22003374i 4500003000900000005001700009008004100026035001700067040003300084082001900117100003100136245011200167264004600279300004400325336002100369337002500390338002300415505080600438526001001244526001001254526001001264526001001274526000801284526000801292526000801300526000801308526000801316526000801324526000801332650004001340PE-LiUPU20250731173431.0150616s r 000 0 d a(Sirsi) a522 aPE-LiUPUbspacPE-LiUPUerda04a272bVin732211 aVinaixa, J. Jorge,eautor.10aHistoria de la inquisición: su influencia política, social y religiosa en España /cJ. Jorge Vinaixa. 1aBarcelona :bEditorial B. Bauzá,c1932. a344 páginas :bilustraciones ;c20 cm atext2rdacontent aunmediated2rdamedia avolume2rdacarrier0 aLa inquisición antigua: -Origen de la inquisición -- El papado se erige en poder temporal soberano -- Los albigenses -- Ramón VII, conde de Tolosa -- Domingo de Guzman y su obra inquisitorial -- Jaime I el conquistador -- Crímenes en que entendía la inquisición antigua -- La inquisición moderna: -Autonomía de la inquisición -- La inquisición en Aragón -- Los judíos en España -- Los hebreos en la conquista de Granada -- La terrible obra de Torquemada -- Diego de Deza, segundo inquisidor -- El cardenal Jiménez de Cisneros -- Decadencia y fin de la inquisición: -Los Borbones -- Los francmasonería -- Carta de un obispo revolucionario, demócrata y liberal a un inquisidor -- Napoleón suprime la inquisición -- La obra del despotismo -- Goya y la inquisición. aSEG42 aSEG41 aSEG40 aSEG39 aP94 aP87 aP86 aP85 aP77 aP76 aP3504aInquisiciónzEspañaxHistoria .